| 000 | 01220 a2200217 4500 | ||
|---|---|---|---|
| 003 | Nust | ||
| 005 | 20220720172409.0 | ||
| 010 | _a 91037894 | ||
| 020 | _a0716782332 : | ||
| 040 | _cNust | ||
| 082 | 0 | 0 | _a004,AHO |
| 100 | 1 |
_aAho, Alfred V. _936455 |
|
| 245 | 1 | 0 |
_aFoundations of computer science / _cAlfred V. Aho, Jeffrey D. Ullman. |
| 260 |
_aNew York : _bComputer Science Press, _cc1992. |
||
| 300 |
_axiii, 765 p. : _bill. ; _c27 cm. |
||
| 440 | 0 |
_aPrinciples of computer science series _994173 |
|
| 505 | _aComputer Science The Mechanization of Abstraction (Page-1), Iteration, Induction and Recursion (Page-23), The Running Time of Programs (Page-83), Data Models for The Computer (Page-143), The Tree Data Model (Page-207), The List Data Model (Page-273), The Set Data Model (Page-323), The Relation Data Model (Page-387), The Graph Data Model (Page-435), Patterns, Automata and Regular Expression (Page-509), Recursive Description of Patterns (Page-571), Propositional Logic (Page-619), Using Logic to Design Computer Components (Page-675), Predicate Logic (Page-711), | ||
| 650 | 0 | _aComputer science. | |
| 700 | 1 |
_aUllman, Jeffrey D., _d1942- _994174 |
|
| 942 |
_2ddc _cBK _k004,AHO |
||
| 999 |
_c176120 _d176120 |
||